Statistics for Phoenix Suns 2017-18 Most Games Leading Team in Scoring

Click here to take the quiz!

General Stats

  • This quiz has been taken 20 times
  • The average score is 5 of 13

Answer Stats

Player Games % Correct
Devin Booker33
93%
T.J. Warren23
60%
Alex Len4
60%
Eric Bledsoe2
60%
Marquese Chriss2
53%
Josh Jackson12
47%
Dragan Bender1
47%
Elfrid Payton1
40%
Tyler Ulis1
20%
Mike James2
7%
Troy Daniels5
0%
Danuel House1
0%
Alec Peters1
0%

Score Distribution

Percentile by Number Answered

Percent of People with Each Score

Your Score History

You have not taken this quiz